000 00669nam a22002057a 4500
003 OSt
005 20230429104700.0
008 230429b |||||||| |||| 00| 0 eng d
020 _a0333512162
040 _aDLC
_ben
_cDLC
050 _aDUCE LB1575.8 R463
245 _aResearch in the classroom/
_cEdited by Christopher Brumfit and Rosamond Mitechell
260 _aLondon:
_bModern english publication,
_c1990.
300 _a172p.:
_bill.;
_c25 cm.
500 _aInclude bibliographical reference
650 _2Education
_aresearch in language
700 _aBrumfit , C.
_qChristopher Brumfit
700 _aMitchell, R.
_eEditor
_qRosamond Mitchell
942 _2lcc
_cBK
_n0
999 _c996
_d996